Yakko’s world quiz (I’m still learning) - Statistics

General Stats
  • This quiz has been taken 237 times
  • The average score is 20 of 184
Answers on the Map
Answers color-coded by a green-red scale on the quiz's map according to % correct below.
 
Answer Stats
Answer % Correct
United States
100%
Canada
96%
Mexico
91%
Panama
63%
Haiti
58%
Jamaica
58%
Peru
56%
Cuba
40%
Republic Dominican
39%
Caribbean
34%
El Salvador
33%
Greenland
32%
Too
21%
Columbia
20%
Puerto Rico
20%
Venezuela
19%
Argentina
18%
Bolivia
18%
Guatemala
18%
Guyana
18%
Honduras
18%
And
17%
And still
17%
Brazil
17%
Chile
17%
Then
17%
Belize
16%
Costa Rica
16%
Ecuador
16%
Nicaragua
16%
Guam
14%
Paraguay
14%
Suriname
14%
Uruguay
14%
Bahamas
13%
Barbados
13%
Bermuda
13%
San juan
13%
Finland
12%
Germany
12%
Iceland
12%
Norway
12%
Sweden
12%
Trinidad and Tobago
12%
French Guyana
11%
Czecho
10%
Greece
10%
Italy
10%
Slovakia
10%
Turkey
10%
Austria
9%
Poland
9%
Romania
9%
Switzerland
9%
Albania
8%
And
8%
Cyprus
8%
Bulgaria
8%
Hungary
8%
Iran
8%
Iraq
8%
ireland
8%
Oman
8%
Russia
8%
Saudi Arabia
8%
Scotland
8%
And
7%
Asia
7%
Bangladesh
7%
Belgium
7%
Bhutan
7%
Both
7%
Cambodia
7%
China
7%
denmark
7%
England
7%
France
7%
India
7%
Indonesia
7%
Islands
7%
Israel
7%
Japan
7%
Jordan
7%
Korea
7%
Kuwait
7%
Laos
7%
Lebanon
7%
Luxembourg
7%
Malaysia
7%
Mongolia
7%
Myanmar
7%
Nepal
7%
Netherlands
7%
New Zealand
7%
Pakistan
7%
Portugal
7%
Spain
7%
Sumatra
7%
Syria
7%
Taiwan
7%
Thailand
7%
The
7%
There’s
7%
Tibet
7%
Yemens
7%
Angola
6%
Djibouti
6%
Morocco
6%
New Guinea
6%
Philippine
6%
Sri Lanka
6%
The
6%
Then
6%
Tunisia
6%
Uganda
6%
Vietnam
6%
Zimbabwe
6%
Afganistan
5%
Algeria
5%
And
5%
And
5%
And
5%
Benin
5%
Burundi
5%
Gabon
5%
Gambia
5%
Ghana
5%
Guinea
5%
Lesotho
5%
Malawi
5%
Mozambique
5%
Sudan
5%
Swaziland
5%
And
4%
And
4%
Australia
4%
Barain
4%
Chad
4%
Egypt
4%
Fiji
4%
Kenya
4%
Liberia
4%
Mali
4%
Malta
4%
Monaco
4%
Namibia
4%
Niger
4%
Nigeria
4%
Palestine
4%
Somalia
4%
Tanzania
4%
Togo
4%
Zambia
4%
Abu Dhabi
3%
And
3%
And
3%
And
3%
Cameroon
3%
Congo
3%
Crete
3%
Ethiopia
3%
Guinea Bissau
3%
Hong Kong
3%
Madagascar
3%
Mauritania
3%
Rwanda
3%
Senegal
3%
Then
3%
The Spanish Sahara is gone
3%
Yugoslavia
3%
Zaire
3%
Algers
2%
And
2%
And Cayman
2%
Botswanaaaaaaaaaa
2%
Lichtenstein
2%
Now in one peice
2%
Then Borneo
2%
Burundi
1%
Lybia
1%
Mahore
1%
Quatar
1%
Serra Leone
1%
Transilvania
1%
No matching quizzes found
Score Distribution
Percent of People with Each Score
Percentile by Number Answered
Your Score History
You have not taken this quiz